Contemporary Turkish politics : challenges to democratic consolidation

Saved in:
Bibliographic Details
Main Author: Ozbudun, Ergun
Format: Book
Language:English
Published: London : Lynne Rienner, 2000
Subjects:
Tags: Add Tag
No Tags, Be the first to tag this record!

MARC

LEADER 00000cam a2200000 i 4500
001 1/85339
008 050914s2000 eng d
020 |a 1-55587-735-4 
035 |l 10080253 
040 |a GR-MY-UA  |b gre  |e aacr 
041 0 |a eng 
082 0 |a 320.956109045  |2 (22) 
100 1 |a Ozbudun, Ergun. 
245 1 0 |a Contemporary Turkish politics :  |b challenges to democratic consolidation /  |c Ergun Ozbudum 
260 |a London :   |b Lynne Rienner,   |c 2000 
300 |a 171 σ.;  |c 20 εκ. 
504 |a Includes bibliographical references and index 
651 0 |a Turkey  |x Politics and government  |y 20th century. 
852 |a INST  |b RHODES  |e 20050914  |h 320.956109045 OZB  |p 005400022233  |q 005400022233  |t BK  |y 0 
901 |a BIBL4-2005-3 
909 |a Ρ  |b 122513 
970 |a ΣΙΔΕΡΗ  |b ΝΕΚΤΑΡΙΑ  |z 2005/09/14